00403nam a2200145Ia 450000500170000000800410001704000130005808200160007110000300008724500530011726000460017030000090021654600120022565000200023720250715172948.0231207s9999 xx 000 0 und d cPK-LaNCA a891.43bKAZ aKazmi, Latif Hussain Syed 0aPhilosophy of Iqbal : (Iqbal and existentialism) bA.P.H. PublishingaNew Delhi, Indiac1997 a130p aEnglish aUrdu Literature